| 000 | 00914cam a2200265 i 4500 | ||
|---|---|---|---|
| 001 | 17658881 | ||
| 003 | CEME | ||
| 005 | 20210628201607.0 | ||
| 008 | 130314s2013 nyua b 001 0 eng | ||
| 010 | _a 2013008807 | ||
| 020 | _a9781609182304 (hardcover) | ||
| 040 |
_aDLC _beng _cDLC _erda _dDLC |
||
| 042 | _apcc | ||
| 050 | 0 | 0 |
_aHA31.3 _b.H39 2013 |
| 082 | 0 | 0 |
_a001.4/22 _223 |
| 100 | 1 |
_aHayes, Andrew F. _955965 |
|
| 245 | 1 | 0 |
_aIntroduction to mediation, moderation, and conditional process analysis : _ba regression-based approach / _cAndrew F. Hayes. |
| 300 |
_axvii, 507 pages : _billustrations ; _c27 cm. |
||
| 490 | 0 | _aMethodology in the social sciences | |
| 504 | _aIncludes bibliographical references (pages 461-483) and indexes. | ||
| 650 | 0 |
_aSocial sciences _xStatistical methods. _992 |
|
| 650 | 0 |
_aMediation (Statistics) _955966 |
|
| 650 | 0 |
_aRegression analysis. _926737 |
|
| 942 |
_2ddc _cBK |
||
| 999 |
_c566549 _d566549 |
||